000 00473nam a2200181Ia 4500
001 21371
005 20260306172914.0
008 260306t2021||||xx |||||||||||||| ||spa||
041 _aESP
082 _a344.6
_bH96
100 _aHurtado Pozo, José
_eAUT
245 0 _aExtinción de dominio y lucha contra la criminalidad organizada y económica
260 _c2021
300 _a607 páginas :
_c25 cm.
650 _aGEN
654 _aCDE
942 _cLIB
_dJUS
_fJUS
_2ddc
_n
999 _c21371
_d21371